| 000 | 01472nam a22002777a 4500 | ||
|---|---|---|---|
| 005 | 20081031161345.0 | ||
| 008 | 081031t xxu||||| |||| 00| 0 hin d | ||
| 010 | _aHIN-84596 | ||
| 020 |
_a9788189559205 _c350.00 |
||
| 035 | _aHN-56942 | ||
| 037 | _bDBAD / PUB | ||
| 040 |
_aDPL _bHN |
||
| 082 | _a307.772 | ||
| 100 | _aजैन, राजेन्द्र | ||
| 245 |
_aझाबुआ के भीलों की संस्कृति / _cराजेन्द्र जैन |
||
| 246 |
_aJhabua ke bhilon kii sankriti _bby Rajendra Jain |
||
| 260 |
_aनई दिल्ली _bमानसी पब्लिकेशन्स _c2008 |
||
| 270 |
_aमनीष प्लाजा, 4637/20, प्रथम तल, 120, अंसारी रोड, दरियागंज _bनई दिल्ली _e110002 _k011 23261151, 9111 30121283 मो 09810303048 |
||
| 300 |
_a250पृ _c22सेमी (सजिल्द) |
||
| 650 |
_aजनजातियाँ _xसामाजिक जीवन एवं प्रथाएं _zभारत |
||
| 650 |
_aTribes _xSocial life and customs _zIndia |
||
| 651 |
_aभारत _xसभ्यता |
||
| 651 |
_aIndia _xCivilization |
||
| 942 |
_2ddc _cHN _mजैनरा _h307.772 |
||
| 999 |
_c17372 _d17372 |
||